Представление документа в формате RUSMARC

ПолеНазваниеЗначение
  Тип записи a
  Библиографический уровень a
001 Контрольный номер UONB/MAIN/32b2cac04dae4a649b7a4ded035953f3
005 Дата корректировки 20260514152759.9
100 Данные общей обработки __
a Данные общей обработки 20260514 ||| 0rusy0189 ca
101 Язык документа 0_
a Язык текста rus
102 Страна публикации __
a Страна публикации RU
200 Заглавие и сведения об ответственности 1_
a Заглавие Зимний праздник спорта и единства
f Первые сведения об ответственности Е. Саранцева
203 Вид содержания и тип средства __
a Вид содержания Текст
b Характеристика содержания визуальный
c Тип средства непосредственный
215 Физическое описание __
c Иллюстрации/тип воспроизводства ил., портр.
330 Аннотация __
a Аннотация В Вешкаймском районе прошла массовая лыжная гонка "Лыжня России - 2026".
461 Уровень набора _0
1 2000
a Вешкаймские вести
463 Уровень физической единицы _0
1 2000
a № 7 (9790) (18 февраля)
v С. 2
1 2101
d 2026
1 001UONB/MAIN/55f0f7bbd31e4509afe11530d0c49c23
600 Персоналии _1
a Персоналии (Фамилия) Кузин
b Персоналии (Имя, инициалы) С.
g Полное имя Сергей
600 Персоналии _1
a Персоналии (Фамилия) Никоноров
b Персоналии (Имя, инициалы) Е.
g Полное имя Евгений
607 Географические рубрики __
a Географическое наименование Вешкаймский район (Ульяновская область)
610 Ключевые слова 0_
a Ключевые слова лыжники; соревнования; спортсмены
686 Индексы других классификаций __
2 Код системы rubbk
a Классификационный индекс 75.719.5
700 Автор _1
a Фамилия Саранцева
b Имя (инициалы) Е.
g Полное личное имя Елена
801 Источник записи _0
a Страна RU
b Организация Ульяновская ОНБ
c Дата составления 20260514
g Правила каталогизации RCR
801 Источник записи _1
a Страна RU
b Организация Ульяновская ОНБ
c Дата составления 20260514
g Правила каталогизации RCR
901 Тип документа __
t Тип документа f
w Контрольный № источника UONB/MAIN/55f0f7bbd31e4509afe11530d0c49c23
909 Создатель записи __
a Создатель записи Логинова
b Дата создания записи 20260514